|
|
|
|
| LEADER |
00000cam a22000004a 4500 |
| 001 |
musev2_2579 |
| 003 |
MdBmJHUP |
| 005 |
20230905040335.0 |
| 006 |
m o d |
| 007 |
cr||||||||nn|n |
| 008 |
110621s2011 ie o 00 0 eng d |
| 010 |
|
|
|z 2011453105
|
| 020 |
|
|
|a 9781908634115
|
| 020 |
|
|
|z 1859184685
|
| 020 |
|
|
|z 9781859184684
|
| 020 |
|
|
|z 1908634111
|
| 035 |
|
|
|a (OCoLC)794698799
|
| 040 |
|
|
|a MdBmJHUP
|c MdBmJHUP
|
| 043 |
|
|
|a e-ie---
|a e-uk-en
|
| 050 |
0 |
4 |
|a DA937
|b .M36 2011
|
| 100 |
1 |
|
|a McGowan-Doyle, Valerie.
|
| 245 |
1 |
4 |
|a The Book of Howth :
|b Elizabethan Conquest and the Old English /
|c Valerie McGowan-Doyle.
|
| 264 |
|
1 |
|a Cork, Ireland :
|b Cork University Press,
|c 2011.
|
| 264 |
|
3 |
|a Baltimore, Md. :
|b Project MUSE,
|c 2012
|
| 264 |
|
4 |
|c ©2011.
|
| 300 |
|
|
|a 1 online resource (224 pages).
|
| 336 |
|
|
|a text
|b txt
|2 rdacontent
|
| 337 |
|
|
|a computer
|b c
|2 rdamedia
|
| 338 |
|
|
|a online resource
|b cr
|2 rdacarrier
|
| 504 |
|
|
|a Includes bibliographical references (p. 141-197) and index.
|
| 588 |
|
|
|a Description based on print version record.
|
| 651 |
|
0 |
|a Ireland
|x Social conditions
|y 16th century
|v Sources.
|
| 651 |
|
0 |
|a Ireland
|x Politics and government
|y 1172-1603
|v Sources.
|
| 651 |
|
0 |
|a Ireland
|x Colonization
|x History
|y 16th century
|v Sources.
|
| 651 |
|
0 |
|a Ireland
|x History
|y 1558-1603
|v Sources.
|
| 630 |
0 |
0 |
|a Book of Howth.
|
| 600 |
1 |
0 |
|a St. Lawrence, Christopher,
|d d. 1589.
|
| 650 |
|
0 |
|a Social conflict
|z Ireland
|x History
|y 16th century
|v Sources.
|
| 650 |
|
0 |
|a Aristocracy (Social class)
|z Ireland
|x History
|y 16th century
|v Sources.
|
| 650 |
|
0 |
|a English
|z Ireland
|x History
|y 16th century
|v Sources.
|
| 655 |
|
7 |
|a Electronic books.
|2 local
|
| 710 |
2 |
|
|a Project Muse.
|e distributor
|
| 830 |
|
0 |
|a Book collections on Project MUSE.
|
| 856 |
4 |
0 |
|z Texto completo
|u https://projectmuse.uam.elogim.com/book/2579/
|
| 945 |
|
|
|a Project MUSE - Custom Collection
|
| 945 |
|
|
|a Project MUSE - 2011 Complete
|
| 945 |
|
|
|a Project MUSE - 2011 History
|